MARC details
| 000 -LEADER |
| fixed length control field |
02288nam a22003497a 4500 |
| 001 - CONTROL NUMBER |
| control field |
101766 |
| 003 - CONTROL NUMBER IDENTIFIER |
| control field |
KnowledgeUnlatched |
| 005 - DATE AND TIME OF LATEST TRANSACTION |
| control field |
20210303105055.0 |
| 006 - FIXED-LENGTH DATA ELEMENTS--ADDITIONAL MATERIAL CHARACTERISTICS |
| fixed length control field |
m o d |
| 007 - PHYSICAL DESCRIPTION FIXED FIELD--GENERAL INFORMATION |
| fixed length control field |
cr u|||||||||| |
| 008 - FIXED-LENGTH DATA ELEMENTS--GENERAL INFORMATION |
| fixed length control field |
210129p20172019xx o u00| u ger d |
| 037 ## - SOURCE OF ACQUISITION |
| Institution to which field applies |
BiblioBoard |
| 020 ## - INTERNATIONAL STANDARD BOOK NUMBER |
| International Standard Book Number |
9783161549342 |
| 029 1# - OTHER SYSTEM CONTROL NUMBER (OCLC) |
| OCLC library identifier |
https://library.biblioboard.com/ext/api/media/b0b3816c-0519-4151-8e61-6570601b3526/assets/thumbnail.jpg |
| 040 ## - CATALOGING SOURCE |
| Original cataloging agency |
ScCtBLL |
| Transcribing agency |
ScCtBLL |
| 100 1# - MAIN ENTRY--PERSONAL NAME |
| Personal name |
Liniger, Sandro |
| Relator term |
author. |
| 245 00 - TITLE STATEMENT |
| Title |
Gesellschaft in der Zerstreuung |
| Remainder of title |
Soziale Ordnung und Konflikt im frühneuzeitlichen Graubünden / |
| Statement of responsibility, etc. |
Sandro Liniger. |
| 264 #1 - PRODUCTION, PUBLICATION, DISTRIBUTION, MANUFACTURE, AND COPYRIGHT NOTICE |
| Name of producer, publisher, distributor, manufacturer |
Mohr Siebeck, |
| 300 ## - PHYSICAL DESCRIPTION |
| Extent |
1 online resource (374 p.) |
| 506 0# - RESTRICTIONS ON ACCESS NOTE |
| Terms governing access |
Access copy available to the general public. |
| Standardized terminology for access restriction |
Unrestricted |
| Source of term |
star |
| 520 ## - SUMMARY, ETC. |
| Summary, etc. |
Despite established social, political and cultural differences, and despite the tricky mountainous setting, over 50 early modern era alpine valley communities managed to cooperate reliably with one another without either central instance or state. Notwithstanding these adverse conditions - such as steep mountains, remote valleys and settlements strewn far apart - they were able to successfully organise their common social and political interests. They even developed a dynamic unity and order completely without superior central power. This at first seemingly paradoxical finding is taken by Sandro Liniger as an opportunity to analyse just how such a dispersed society functions: Which specific logic characterises such an alternative form of organising common social and political life? Which instabilities and resistances are peculiar to it? And which conflicts characterise it? |
| 588 0# - SOURCE OF DESCRIPTION NOTE |
| Source of description note |
Description based on print version record. |
| 590 ## - LOCAL NOTE (RLIN) |
| Local note |
KU Open Services |
| 650 #7 - SUBJECT ADDED ENTRY--TOPICAL TERM |
| Topical term or geographic name entry element |
History / Europe |
| Source of heading or term |
bisacsh |
| 650 #0 - SUBJECT ADDED ENTRY--TOPICAL TERM |
| Topical term or geographic name entry element |
History |
| 655 #0 - INDEX TERM--GENRE/FORM |
| Genre/form data or focus term |
Electronic books. |
| 758 ## - |
| -- |
Is found in: |
| -- |
Knowledge Unlatched |
| -- |
https://openresearchlibrary.org/module/2774bc74-146a-484f-a7ba-ab1d6a09bbfb |
| 856 40 - ELECTRONIC LOCATION AND ACCESS |
| Uniform Resource Identifier |
<a href="https://openresearchlibrary.org/content/b0b3816c-0519-4151-8e61-6570601b3526">https://openresearchlibrary.org/content/b0b3816c-0519-4151-8e61-6570601b3526</a> |
| Public note |
View this content on Open Research Library. |
| -- |
0 |